| 000 | 00806nam a22002297a 4500 | ||
|---|---|---|---|
| 005 | 20240530110523.0 | ||
| 008 | 160222s2013 ua a g b 000 0 ara d | ||
| 017 |
_a2012/22899 _bمصر . دار الكتب المصرية |
||
| 020 | _a9772328987 | ||
| 040 | _aEG-CaGPL | ||
| 082 | 0 | 4 |
_221 _a327.2\ _bا ب |
| 100 | 0 | _aالسيد بهنسى . | |
| 245 | 1 | 2 |
_aالبروتوكول الرسمى و الدبلوماسى / _cمصر . دار الكتب المصرية |
| 250 | _aط1. | ||
| 260 |
_aالقاهرة : _bعالم الكتب ، _c2013 . |
||
| 300 |
_a392 ص : _bصور لو ؛ _c24 سم . |
||
| 650 | 0 | 4 | _aالبروتوكول . |
| 650 | 0 | 4 | _aالمراسم الدبلوماسية . |
| 650 | 0 | 4 | _aالدبلوماسية . |
| 942 |
_2ddc _cBK |
||
| 999 |
_c61931 _d61931 |
||